Datum a čas kvízu
32.5
Celkem bodů
Celkový počet nahraných bodů na tomto kvízu bez doplňovacích otázek.
2.
Pořadí na kvízu
Konečné umístění týmu na tomto kvízu.
Zaznamenané odpovědi
| # | Otázka | Odpověď | Body | Výsledky |
|---|---|---|---|---|
| 1. | Minulý týden proběhla lokálním... | O babybox | 1 | |
| 2. | Několika desítkám jedinců jist... | o lachtanech | 0 | |
| 3. | Legendární britská hudební sku... | Pink Floyd | 0 | |
| 4. | Europoslanci vyslyšeli volání... | množství vypuštěných emisí | 0 | |
| 5. | V pražské O<sub>2</sub> Areně... | z Mladé Boleslavi | 1 | |
| 6. | Českou hokejovou jedničkou na... | v Číně | 1 | |
| 7. | Gólman je klíčovou součástí i... | B) Irsko | 0 | |
| 8. | Napište jméno jednoho z nejlep... | Martin Galia | 0 | |
| 9. | Český reprezentační florbalový... | Lukáš Bauer | 1 | |
| 10. | Přiřaďte správně jména fotbalo... | 1D 2A 3C 4B | 0 |